| 000 | 00433nam a2200169Ia 4500 | ||
|---|---|---|---|
| 008 | 150509s9999 xx 000 0 und d | ||
| 020 | _a0 07048660 3 | ||
| 082 | _a338.04 HIS | ||
| 100 | _aHisrich, Robert D.Peters, Michael P. | ||
| 245 | _aEntrepreneurship | ||
| 260 | _aNew Delhi: | ||
| 260 | _bTata McGraw-Hill | ||
| 260 | _c2008 | ||
| 300 | _axix , 663p. :ill. ;23cm | ||
| 500 | _aIncludes Index | ||
| 650 | _aEntrepreneurship | ||
| 999 |
_c8194 _d8194 |
||